| 000 | 00917nam a2200253 a 4500 | ||
|---|---|---|---|
| 001 | 10039 | ||
| 003 | CO-ViMGA | ||
| 008 | 141112s2004 ck r 000 u spa d | ||
| 020 | _a9586430154 | ||
| 040 |
_aCO-ViMGA _bspa _cCO-ViMGA |
||
| 082 | 0 | 4 | _a918.6 S15 |
| 100 | 1 |
_aSowell ; David, Hall Francis, _912578 |
|
| 245 | 1 | 0 |
_aSantander y la opinión AngloAméricana : _bVisión de Viajeros y Periodicos 1821 - 1840 |
| 260 |
_aSantafé de Bogotá : _bPresidencia de la República, _c1991 |
||
| 300 | _a523p. : il. | ||
| 490 | _aBiblioteca de la Presidencia de la República | ||
| 650 | 1 | 4 | _aCOLOMBIA - DESCRIPCIONES Y VIAJES |
| 650 | 1 | 4 |
_aCOLOMBIA - HISTORIA - 1821 - 1840 _912579 |
| 650 | 1 | 4 |
_aCOLOMBIA - VIDA SOCIAL Y COSTUMBRES 1821 - 1840 _912580 |
| 650 | 1 | 4 |
_aFRANCISCO DE PAULA SANTANDER _912581 |
| 650 | 1 | 4 |
_aPolítica Y GOBIERNO 1821 - 1840 _912582 |
| 650 | 1 | 4 |
_aRELATOS PERSONALES _97711 |
| 942 |
_2ddc _cBK |
||
| 999 |
_c21415 _d21415 |
||